Missing Word: Entertainment 'M' Quiz Stats

 Plays Quiz Updated Jan 16, 2019

Score 0/20 Timer 04:00
4 Plays Today
Hint Answer % Correct
MovieMonty
97.9%
MovieMore
95.4%
MovieMile
95.1%
MusicalMamma
93.9%
BookMisérables
91.6%
AlbumMystery
80%
MusicalMusic
75.8%
MusicalMancha
73.8%
AlbumMathers
65.8%
AlbumMemphis
65.4%
Hint Answer % Correct
MusicalMarried
58.5%
MovieModern
57.9%
AlbumMaster
49.9%
BookMagic
45.6%
AlbumMurder
41%
MovieMatrix
39.7%
MusicalMoe
31.5%
BookMill
31.4%
BookMansfield
28.5%
BookMathematica
16.2%

Today's Daily Dose

Quick Pick
American Flags

Get the Picture
Fast Food

You're not logged in!

Compare scores with friends on all Sporcle quizzes.
OR
Log In

Sporcle TV

Today on Sporcle TV


Watch our educational content, quiz creation guides, and fun videos on Sporcle TV.

Show Comments

Extras

Top Quizzes Today


Score Distribution

Your Account Isn't Verified!

In order to create a playlist on Sporcle, you need to verify the email address you used during registration. Go to your Sporcle Settings to finish the process.

Report this User

Report this user for behavior that violates our Community Guidelines.

Details: